ბათუმის შოთა რუსთაველის სახელმწიფო უნივერსიტეტის ბიბლიოთეკა

წინასაანბანო სავარჯიშოები : მასწავლებელთა დასახმარებლად (ბიბ.ჩანაწერი № 53279)

000 -LEADER
fixed length control field 01096nam a2200229Ia 4500
001 - CONTROL NUMBER
control field 20320
003 - CONTROL NUMBER IDENTIFIER
control field GE_BSU
008 - FIXED-LENGTH DATA ELEMENTS--GENERAL INFORMATION
fixed length control field 181216s||||||||xx |||||||||||||| ||und||
040 ## - CATALOGING SOURCE
Transcribing agency GE_BSU
080 ## - UNIVERSAL DECIMAL CLASSIFICATION NUMBER
Universal Decimal Classification number 811.353.1-8(076.1)(072)
245 ## - TITLE STATEMENT
Title წინასაანბანო სავარჯიშოები : მასწავლებელთა დასახმარებლად
245 ## - TITLE STATEMENT
Statement of responsibility, etc. შეადგ.ვ.რამიშვილი;რედ:ნ.სუხიტაშვილი
260 ## - PUBLICATION, DISTRIBUTION, ETC.
Place of publication, distribution, etc. თბილისი
260 ## - PUBLICATION, DISTRIBUTION, ETC.
Name of publisher, distributor, etc. განათლება
260 ## - PUBLICATION, DISTRIBUTION, ETC.
Date of publication, distribution, etc. 1987
300 ## - PHYSICAL DESCRIPTION
Extent 31გვ;19სმ.
653 ## - INDEX TERM--UNCONTROLLED
Uncontrolled term ქართული ენა
653 ## - INDEX TERM--UNCONTROLLED
Uncontrolled term ქართული ენა - წინასაანბანო სავარჯიშოები - მეთოდური სახელმძღვანელოები;
653 ## - INDEX TERM--UNCONTROLLED
Uncontrolled term წინასაანბანო სავარჯიშოები : მასწავლებელთა დასახმარებლად
942 ## - ADDED ENTRY ELEMENTS (KOHA)
Koha item type წიგნი
ეგზემპლარები
Withdrawn status Lost status Damaged status Not for loan Date acquired Barcode Date last seen Price effective from Koha item type
        2018-12-17 53103 2018-12-17 2018-12-17 წიგნი
        2018-12-17 53104 2018-12-17 2018-12-17 წიგნი
        2018-12-17 53105 2018-12-17 2018-12-17 წიგნი
        2018-12-17 53106 2018-12-17 2018-12-17 წიგნი